[Event "GBR-ch82"]
[Site "Swansea"]
[Date "1995.08.07"]
[Round "7"]
[White "Ryan, Joseph"]
[Black "Buckley, Graeme N"]
[Result "1/2-1/2"]
[WhiteElo "2210"]
[BlackElo "2355"]
[PlyCount "111"]
[EventDate "1995.07.31"]
[EventType "swiss"]
[EventRounds "11"]
[EventCountry "GBR"]
[SourceTitle "BritBase"]
[Source "John Saunders"]
[SourceDate "2023.06.01"]
[SourceVersion "1"]
[SourceVersionDate "2023.06.01"]
[SourceQuality "1"]

1. e4 c5 2. Nf3 d6 3. Bb5+ Bd7 4. Bxd7+ Nxd7 5. O-O Ngf6 6. Qe2 g6 7. c3 Bg7 8.
d4 cxd4 9. cxd4 e5 10. dxe5 dxe5 11. Nc3 O-O 12. Bg5 Qa5 13. Rfd1 h6 14. Bxf6
Nxf6 15. Nd5 Rfd8 16. Nxf6+ Bxf6 17. a3 Rxd1+ 18. Rxd1 Rc8 19. g3 Qa4 20. Rd2
Rc4 21. Qe3 Kg7 22. b4 a5 23. Qa7 Qxa3 24. Kg2 Rxb4 25. Rd7 a4 26. Qb8 Rb5 27.
Qe8 Qf8 28. Qe6 a3 29. Nd2 Bg5 30. Nf3 Kg8 31. Qc4 Ra5 32. Qc7 Rc5 33. Qxb7 Bd8
34. Qb3 Ra5 35. Qa2 Qe8 36. Rd3 Be7 37. Nd2 Qc6 38. f3 Rb5 39. Rb3 Bb4 40. Nb1
Rc5 41. Nxa3 Qa4 42. Qb2 Bxa3 43. Qxa3 Rc2+ 44. Kh3 Qd7+ 45. g4 Qd2 46. Rb8+
Kh7 47. Rh8+ Kg7 48. Qf8+ Kf6 49. Qd8+ Qxd8 50. Rxd8 h5 51. gxh5 gxh5 52. Rh8
Kg5 53. Kg3 f6 54. h4+ Kg6 55. Rg8+ Kh7 56. Ra8 1/2-1/2

[Event "GBR-ch82"]
[Site "Swansea"]
[Date "1995.08.07"]
[Round "7"]
[White "Sadler, Matthew D"]
[Black "Turner, Matthew J"]
[Result "1/2-1/2"]
[WhiteElo "2575"]
[BlackElo "2400"]
[PlyCount "37"]
[EventDate "1995.07.31"]
[EventType "swiss"]
[EventRounds "11"]
[EventCountry "GBR"]
[SourceTitle "BritBase"]
[Source "John Saunders"]
[SourceDate "2023.06.01"]
[SourceVersion "1"]
[SourceVersionDate "2023.06.01"]
[SourceQuality "1"]

1. d4 g6 2. e4 Bg7 3. c4 d6 4. Nc3 e5 5. Nge2 Nd7 6. f3 Ne7 7. h4 f5 8. Be3 O-O
9. Qd2 fxe4 10. Nxe4 Nf5 11. h5 Nxe3 12. Qxe3 exd4 13. Nxd4 Nc5 14. hxg6 hxg6
15. O-O-O Nxe4 16. Qxe4 Qg5+ 17. Kb1 Rf4 18. Qe8+ Rf8 19. Qe4 1/2-1/2

[Event "GBR-ch82"]
[Site "Swansea"]
[Date "1995.08.07"]
[Round "7"]
[White "Vigus, James E"]
[Black "Mason, Donald J"]
[Result "1/2-1/2"]
[WhiteElo "2110"]
[BlackElo "2295"]
[PlyCount "133"]
[EventDate "1995.07.31"]
[EventType "swiss"]
[EventRounds "11"]
[EventCountry "GBR"]
[SourceTitle "BritBase"]
[Source "John Saunders"]
[SourceDate "2023.06.01"]
[SourceVersion "1"]
[SourceVersionDate "2023.06.01"]
[SourceQuality "1"]

1. g3 g6 2. Bg2 Bg7 3. d4 Nf6 4. e4 d6 5. Nc3 O-O 6. Nge2 c6 7. a4 Be6 8. O-O
Qc8 9. Re1 Bh3 10. Bxh3 Qxh3 11. Nf4 Qc8 12. e5 Ne8 13. h4 e6 14. h5 Nd7 15.
exd6 Nxd6 16. hxg6 hxg6 17. Qg4 e5 18. dxe5 Nxe5 19. Qxc8 Nf3+ 20. Kf1 Raxc8
21. Rd1 Nc4 22. Nfe2 Rfd8 23. Kg2 Rxd1 24. Nxd1 Ne1+ 25. Kf1 Nxc2 26. Rb1 Rd8
27. Ndc3 Nd2+ 28. Bxd2 Rxd2 29. Ne4 Rd8 30. b4 b6 31. g4 f5 32. gxf5 gxf5 33.
N4g3 Rd5 34. Nf4 Rd4 35. Ne6 Rxb4 36. Rxb4 Nxb4 37. Nxf5 Bf6 38. Nd6 Nd5 39.
Ke1 Nc3 40. Nc8 Nxa4 41. Nxa7 Kf7 42. Nf4 c5 43. Kd1 Nc3+ 44. Kc2 b5 45. Kb3
Be5 46. Nxb5 Nxb5 47. Nd3 Bd4 48. Nxc5 Bxf2 49. Kc4 Nc7 50. Ne4 Be3 51. Nc5 Kf6
52. Nd3 Ne6 53. Kd5 Kf5 54. Kd6 Ng5 55. Kd5 Ne4 56. Nb4 Nf6+ 57. Kd6 Bf4+ 58.
Kc6 Ke4 59. Kc5 Bh6 60. Kd6 Bc1 61. Ke6 Bb2 62. Kd6 Ng4 63. Nd5 Ne5 64. Ke6 Kd4
65. Nf6 Nd3 66. Kf5 Nc5 67. Ng4 1/2-1/2

[Event "GBR-ch82"]
[Site "Swansea"]
[Date "1995.08.07"]
[Round "7"]
[White "Gaughan, Richard J"]
[Black "Cooksey, Paul S"]
[Result "0-1"]
[WhiteElo "2085"]
[BlackElo "2115"]
[PlyCount "26"]
[EventDate "1995.07.31"]
[EventType "swiss"]
[EventRounds "11"]
[EventCountry "GBR"]
[SourceTitle "BritBase"]
[Source "John Saunders"]
[SourceDate "2023.06.01"]
[SourceVersion "1"]
[SourceVersionDate "2023.06.01"]
[SourceQuality "1"]

1. e4 c5 2. Nf3 e6 3. d4 cxd4 4. Nxd4 Nf6 5. Nc3 d6 6. g4 h6 7. h4 Be7 8. Rg1
d5 9. Bb5+ Kf8 10. f3 e5 11. Nf5 Bxf5 12. exf5 d4 13. Ne2 Qa5+ {Contributed by
Andy Ansel, 1 August 2021} 0-1

[Event "GBR-ch82"]
[Site "Swansea"]
[Date "1995.08.08"]
[Round "8"]
[White "Bates, Richard A"]
[Black "Sadler, Matthew D"]
[Result "1/2-1/2"]
[WhiteElo "2345"]
[BlackElo "2575"]
[PlyCount "115"]
[EventDate "1995.07.31"]
[EventType "swiss"]
[EventRounds "11"]
[EventCountry "GBR"]
[SourceTitle "BritBase"]
[Source "John Saunders"]
[SourceDate "2023.06.01"]
[SourceVersion "1"]
[SourceVersionDate "2023.06.01"]
[SourceQuality "1"]

1. d4 d5 2. c4 c6 3. Nf3 Nf6 4. e3 g6 5. Nc3 Bg7 6. Be2 O-O 7. O-O Ne4 8. Qb3
b6 9. Nxe4 dxe4 10. Nd2 f5 11. f3 e5 12. dxe5 exf3 13. Nxf3 Nd7 14. c5+ Kh8 15.
cxb6 Qxb6 16. Qxb6 axb6 17. Rd1 Nxe5 18. Nxe5 Bxe5 19. Bf3 Bb7 20. Bd2 Rf7 21.
Bc3 Bxc3 22. bxc3 Ra3 23. Rdb1 b5 24. Rb3 Ra5 25. a4 Ba8 26. c4 Rfa7 27. Bd1
Rxa4 28. Rxa4 Rxa4 29. Rd3 Ra1 30. c5 Bb7 31. Kf2 b4 32. Be2 Ba6 33. Rd8+ Kg7
34. Bxa6 Rxa6 35. Rb8 Ra2+ 36. Kf3 Rc2 37. Rxb4 Kf6 38. Rb7 h6 39. Rh7 Kg5 40.
h4+ Kxh4 41. Rxh6+ Kg5 42. Rh8 Rxc5 43. Rc8 Rc4 44. Rc7 Rc3 45. g3 Rc4 46. Rc8
Rc1 47. Rc7 c5 48. Rc6 c4 49. Rc5 c3 50. e4 Kf6 51. exf5 gxf5 52. Ke2 Kg6 53.
Kf3 Kg5 54. Rc6 Rc2 55. Rc5 Kf6 56. g4 fxg4+ 57. Kxg4 Ke6 58. Kf3 1/2-1/2

[Event "GBR-ch82"]
[Site "Swansea"]
[Date "1995.08.08"]
[Round "8"]
[White "Byway, Paul V"]
[Black "Hague, Ben"]
[Result "1-0"]
[WhiteElo "2245"]
[BlackElo "2230"]
[PlyCount "47"]
[EventDate "1995.07.31"]
[EventType "swiss"]
[EventRounds "11"]
[EventCountry "GBR"]
[SourceTitle "BritBase"]
[Source "John Saunders"]
[SourceDate "2023.06.01"]
[SourceVersion "1"]
[SourceVersionDate "2023.06.01"]
[SourceQuality "1"]

1. d4 d5 2. Nf3 Nf6 3. Bf4 c6 4. e3 Qb6 5. Qc1 Nh5 6. Bd3 Nxf4 7. exf4 g6 8. c3
Qc7 9. g3 Bh3 10. Nbd2 Nd7 11. Qc2 e6 12. O-O-O b5 13. Ng5 Bf5 14. Bxf5 gxf5
15. Rhe1 Be7 16. Nxe6 fxe6 17. Rxe6 Nf8 18. Re5 Ng6 19. Rxf5 O-O-O 20. Re1 Rhf8
21. Nf3 Qd7 22. Rh5 Qg4 23. Rxh7 Qxf3 24. Qxg6 1-0

[Event "GBR-ch82"]
[Site "Swansea"]
[Date "1995.08.08"]
[Round "8"]
[White "Cobb, Charles A"]
[Black "Parker, Jonathan F"]
[Result "0-1"]
[WhiteElo "2210"]
[BlackElo "2415"]
[PlyCount "66"]
[EventDate "1995.07.31"]
[EventType "swiss"]
[EventRounds "11"]
[EventCountry "GBR"]
[SourceTitle "BritBase"]
[Source "John Saunders"]
[SourceDate "2023.06.01"]
[SourceVersion "1"]
[SourceVersionDate "2023.06.01"]
[SourceQuality "1"]

1. e4 d5 2. exd5 Qxd5 3. Nc3 Qa5 4. d4 Nf6 5. Nf3 c6 6. Bc4 Bf5 7. Ne5 e6 8. g4
Be4 9. f3 Bd5 10. g5 Nfd7 11. Bxd5 cxd5 12. Nxd7 Kxd7 13. Bf4 Nc6 14. Qd3 g6
15. Be5 Nxe5 16. dxe5 Bb4 17. O-O Bxc3 18. bxc3 Rac8 19. Rab1 b6 20. Rb3 Rc4
21. f4 Ke7 22. a3 h5 23. gxh6 Rxh6 24. Rf3 Qc5+ 25. Kg2 a5 26. Qd2 Rh5 27. Qc1
g5 28. fxg5 Rg4+ 29. Kh1 Rhxg5 30. Rf1 d4 31. cxd4 Rg1+ 32. Rxg1 Qd5+ 33. Rg2
Qxg2# 0-1

[Event "GBR-ch82"]
[Site "Swansea"]
[Date "1995.08.08"]
[Round "8"]
[White "Cobb, James E"]
[Black "Lawton, Geoffrey W"]
[Result "0-1"]
[WhiteElo "2280"]
[BlackElo "2385"]
[PlyCount "118"]
[EventDate "1995.07.31"]
[EventType "swiss"]
[EventRounds "11"]
[EventCountry "GBR"]
[SourceTitle "BritBase"]
[Source "John Saunders"]
[SourceDate "2023.06.01"]
[SourceVersion "1"]
[SourceVersionDate "2023.06.01"]
[SourceQuality "1"]

1. e4 c5 2. c3 Nf6 3. e5 Nd5 4. Nf3 Nc6 5. Bc4 Nb6 6. Bb3 d5 7. exd6 exd6 8. d4
Bg4 9. h3 Bh5 10. O-O Be7 11. Be3 O-O 12. Nbd2 cxd4 13. cxd4 d5 14. Re1 Na5 15.
g4 Bg6 16. Ne5 Nxb3 17. axb3 Bb4 18. Re2 a6 19. Nb1 Qh4 20. Qf1 Rac8 21. Nd2
Qd8 22. Nxg6 hxg6 23. Nf3 Nd7 24. Bg5 Qb6 25. Qd1 Nf6 26. Ne5 Rfe8 27. Qd3 Ne4
28. Bf4 g5 29. Be3 f6 30. Nf3 Kf7 31. Kg2 Rh8 32. Nh2 Nd6 33. Nf1 Qb5 34. Qd1
Rh7 35. Rc2 Rhh8 36. Rac1 Rxc2 37. Rxc2 Rc8 38. Rxc8 Nxc8 39. Qf3 Bd6 40. Bxg5
Ne7 41. Ng3 Qb4 42. Bf4 Bxf4 43. Qxf4 Qxb3 44. Qc7 g6 45. h4 Qxb2 46. h5 gxh5
47. Nf5 Qe2 48. Nd6+ Ke6 49. Nxb7 hxg4 50. Nd8+ Kf5 51. Qd7+ Kg6 52. Ne6 Qf3+
53. Kg1 g3 54. Qe8+ Kf5 55. Ng7+ Kg5 56. Ne6+ Kg4 57. fxg3 Qxg3+ 58. Kf1 Qf3+
59. Kg1 Qe3+ 0-1

[Event "GBR-ch82"]
[Site "Swansea"]
[Date "1995.08.08"]
[Round "8"]
[White "Condie, Mark L"]
[Black "Mah, Karl"]
[Result "1/2-1/2"]
[WhiteElo "2450"]
[BlackElo "2200"]
[PlyCount "22"]
[EventDate "1995.07.31"]
[EventType "swiss"]
[EventRounds "11"]
[EventCountry "GBR"]
[SourceTitle "BritBase"]
[Source "John Saunders"]
[SourceDate "2023.06.01"]
[SourceVersion "1"]
[SourceVersionDate "2023.06.01"]
[SourceQuality "1"]

1. d4 e6 2. c4 f5 3. Nf3 Nf6 4. Bg5 h6 5. Bxf6 Qxf6 6. Nc3 Bb4 7. Qb3 Nc6 8.
O-O-O Bxc3 9. Qxc3 d6 10. e3 O-O 11. Bd3 e5 1/2-1/2

[Event "GBR-ch82"]
[Site "Swansea"]
[Date "1995.08.08"]
[Round "8"]
[White "Cooper, Lawrence"]
[Black "Vigus, James E"]
[Result "1/2-1/2"]
[WhiteElo "2315"]
[BlackElo "2110"]
[PlyCount "55"]
[EventDate "1995.07.31"]
[EventType "swiss"]
[EventRounds "11"]
[EventCountry "GBR"]
[SourceTitle "BritBase"]
[Source "John Saunders"]
[SourceDate "2023.06.01"]
[SourceVersion "1"]
[SourceVersionDate "2023.06.01"]
[SourceQuality "1"]

1. d4 d6 2. e4 Nf6 3. Nc3 g6 4. Nf3 Bg7 5. Be3 c6 6. Qd2 Qa5 7. h3 O-O 8. Bd3
Nbd7 9. O-O Qc7 10. a4 b6 11. Rfe1 e5 12. dxe5 dxe5 13. Ne2 Bb7 14. Ng3 Rad8
15. Qc3 a6 16. Bf1 Rfe8 17. Rad1 c5 18. Qb3 Nf8 19. Nd2 Re6 20. Nf3 Ree8 21.
Bc4 h6 22. Nh2 Rxd1 23. Rxd1 Ne6 24. c3 Nf4 25. f3 Re7 26. Ne2 Kh7 27. Nf1 Ne8
28. Nxf4 1/2-1/2

[Event "GBR-ch82"]
[Site "Swansea"]
[Date "1995.08.08"]
[Round "8"]
[White "Ferguson, Mark"]
[Black "Coleman, David J"]
[Result "1-0"]
[WhiteElo "2360"]
[BlackElo "2255"]
[PlyCount "87"]
[EventDate "1995.07.31"]
[EventType "swiss"]
[EventRounds "11"]
[EventCountry "GBR"]
[SourceTitle "BritBase"]
[Source "John Saunders"]
[SourceDate "2023.06.01"]
[SourceVersion "1"]
[SourceVersionDate "2023.06.01"]
[SourceQuality "1"]

1. d4 Nf6 2. Nf3 g6 3. b4 Bg7 4. Bb2 d6 5. Nbd2 O-O 6. e3 Nbd7 7. Rb1 e6 8. Be2
b6 9. b5 Bb7 10. O-O Qe7 11. a4 a5 12. Ba3 Rfd8 13. c4 Bf8 14. Qc2 Qe8 15. Rfc1
e5 16. Kf1 Rac8 17. Ne1 Ba8 18. Bf3 e4 19. Be2 Qe6 20. Kg1 Re8 21. Qd1 h5 22.
Nb3 Bh6 23. c5 Bd5 24. cxd6 cxd6 25. Nd2 Ng4 26. Bxg4 hxg4 27. Rxc8 Rxc8 28.
Rc1 Rxc1 29. Qxc1 f5 30. Qc8+ Kf7 31. g3 Bg7 32. Nc2 Bf6 33. Bb2 Be7 34. Na3
Bb3 35. Nab1 Bxa4 36. Nc3 Bb3 37. Nxb3 Qxb3 38. Qxd7 a4 39. Kg2 Kf8 40. Qc8+
Kf7 41. Qb7 Ke6 42. Ba1 g5 43. Qc8+ Kf6 44. d5 1-0

[Event "GBR-ch82"]
[Site "Swansea"]
[Date "1995.08.08"]
[Round "8"]
[White "Hebden, Mark L"]
[Black "Jackson, Oliver"]
[Result "1-0"]
[WhiteElo "2570"]
[BlackElo "2200"]
[PlyCount "79"]
[EventDate "1995.07.31"]
[EventType "swiss"]
[EventRounds "11"]
[EventCountry "GBR"]
[SourceTitle "BritBase"]
[Source "John Saunders"]
[SourceDate "2023.06.01"]
[SourceVersion "1"]
[SourceVersionDate "2023.06.01"]
[SourceQuality "1"]

1. d4 Nf6 2. Nf3 c5 3. c3 b6 4. dxc5 bxc5 5. e4 e6 6. e5 Nd5 7. Nbd2 Be7 8. Nc4
f5 9. exf6 Nxf6 10. Nd6+ Bxd6 11. Qxd6 Qb6 12. Qg3 O-O 13. Bd3 Ba6 14. c4 Bxc4
15. Bxc4 Ne4 16. Qh4 Qb4+ 17. Nd2 Nxd2 18. Bxd2 Qxb2 19. Rd1 Qe5+ 20. Be3 Qc3+
21. Ke2 d5 22. Bd3 g6 23. Rc1 Qe5 24. Rxc5 Nd7 25. Rc2 Rf7 26. Qg3 Qh5+ 27. f3
e5 28. Qg4 e4 29. Bb5 Qxg4 30. fxg4 Ne5 31. Rd1 Rd8 32. h3 h5 33. Bd4 Re7 34.
gxh5 gxh5 35. Ke3 Kf7 36. Rf1+ Kg6 37. Rcf2 Rb8 38. Be2 Nd7 39. Rf5 h4 40. Rxd5
1-0

[Event "GBR-ch82"]
[Site "Swansea"]
[Date "1995.08.08"]
[Round "8"]
[White "Hunt, Harriet"]
[Black "Barnes, Michael H"]
[Result "1/2-1/2"]
[WhiteElo "2385"]
[BlackElo "2295"]
[PlyCount "109"]
[EventDate "1995.07.31"]
[EventType "swiss"]
[EventRounds "11"]
[EventCountry "GBR"]
[SourceTitle "BritBase"]
[Source "John Saunders"]
[SourceDate "2023.06.01"]
[SourceVersion "1"]
[SourceVersionDate "2023.06.01"]
[SourceQuality "1"]

1. e4 e5 2. Nf3 d5 3. exd5 Bd6 4. Nc3 Nf6 5. Bb5+ Bd7 6. Bc4 O-O 7. d3 Bg4 8.
h3 Bh5 9. Bg5 h6 10. Bh4 Nbd7 11. g4 Bg6 12. Qe2 a6 13. O-O Qe8 14. Rae1 Nh7
15. Bg3 f6 16. Nh4 Bf7 17. Nf5 b5 18. Bb3 Nc5 19. Qf3 Qd7 20. d4 Nxb3 21. axb3
b4 22. dxe5 Ng5 23. Qg2 Bxe5 24. Nd1 Rae8 25. f4 Bxd5 26. Qd2 Bxf4 27. Bxf4
Rxe1 28. Qxe1 Nf3+ 29. Rxf3 Bxf3 30. Nde3 a5 31. Qf1 Bc6 32. Qc4+ Kh7 33. Nd4
Ba8 34. Nef5 c5 35. Qxc5 Qb7 36. Nh4 Qh1+ 37. Kf2 Rd8 38. c3 Qxh3 39. Qf5+ Kg8
40. Bg3 Qh1 41. Qe6+ Kh7 42. Qe7 Qd5 43. Nhf3 Rd7 44. Qe8 Rd8 45. Qe6 Qxe6 46.
Nxe6 Rd3 47. Nfd4 bxc3 48. bxc3 Rxc3 49. Bc7 Bd5 50. Bxa5 Rxb3 51. Nf8+ Kg8 52.
Nxb3 Bxb3 53. Ng6 Bd1 54. Kg3 h5 55. gxh5 1/2-1/2

[Event "GBR-ch82"]
[Site "Swansea"]
[Date "1995.08.08"]
[Round "8"]
[White "Mason, Donald J"]
[Black "Thompson, Ian D"]
[Result "1/2-1/2"]
[WhiteElo "2295"]
[BlackElo "2310"]
[PlyCount "47"]
[EventDate "1995.07.31"]
[EventType "swiss"]
[EventRounds "11"]
[EventCountry "GBR"]
[SourceTitle "BritBase"]
[Source "John Saunders"]
[SourceDate "2023.06.01"]
[SourceVersion "1"]
[SourceVersionDate "2023.06.01"]
[SourceQuality "1"]

1. c4 e6 2. Nf3 Nf6 3. g3 b6 4. Bg2 Bb7 5. O-O c5 6. Nc3 Be7 7. d4 cxd4 8. Qxd4
d6 9. b3 O-O 10. Ba3 Nc6 11. Qd3 Qb8 12. e4 a6 13. Rfd1 Rd8 14. Qe3 b5 15. cxb5
axb5 16. Bb2 b4 17. Na4 d5 18. exd5 Nxd5 19. Qe1 Qa7 20. Nd4 Nxd4 21. Bxd4 Qa6
22. Rac1 Rac8 23. Bf1 Qa5 24. Bg2 1/2-1/2

[Event "GBR-ch82"]
[Site "Swansea"]
[Date "1995.08.08"]
[Round "8"]
[White "Rudd, Jack"]
[Black "McShane, Luke J"]
[Result "0-1"]
[WhiteElo "2230"]
[BlackElo "2170"]
[PlyCount "114"]
[EventDate "1995.07.31"]
[EventType "swiss"]
[EventRounds "11"]
[EventCountry "GBR"]
[SourceTitle "BritBase"]
[Source "John Saunders"]
[SourceDate "2023.06.01"]
[SourceVersion "1"]
[SourceVersionDate "2023.06.01"]
[SourceQuality "1"]

1. d4 Nf6 2. Nf3 g6 3. Bg5 Bg7 4. Nbd2 d6 5. e3 c5 6. c3 Nc6 7. Bd3 cxd4 8.
exd4 Be6 9. Ne4 Nxe4 10. Bxe4 d5 11. Bd3 Rc8 12. Qd2 Qb6 13. h4 h5 14. O-O-O
Nxd4 15. Nxd4 Bxd4 16. Bb5+ Qxb5 17. Qxd4 Rg8 18. Qxa7 f6 19. Qe3 Kf7 20. Rhe1
Rc6 21. Bh6 Ra8 22. a3 Qb3 23. Rd3 Ra4 24. Qe2 d4 25. Qd1 dxc3 26. Qxb3 Bxb3
27. Rd8 e5 28. bxc3 Rxa3 29. Kb2 Rca6 30. Bf8 Ra2+ 31. Kxb3 Rxf2 32. Bb4 Rxg2
33. Rd7+ Ke6 34. Rxb7 Rg4 35. Rf1 Rf4 36. Rxf4 exf4 37. Bc5 Kf5 38. Rb6 Rxb6+
39. Bxb6 g5 40. Kc2 Ke4 41. Bf2 Kf3 42. hxg5 fxg5 43. c4 Kxf2 44. c5 h4 45. c6
h3 46. c7 h2 47. c8=Q h1=Q 48. Qc5+ Kf1 49. Qc4+ Kg1 50. Kd2 Qg2+ 51. Kc3 Qg3+
52. Kc2 f3 53. Kd1 f2 54. Qc5 Kg2 55. Qc2 Qf3+ 56. Kc1 Qe3+ 57. Kb2 Kg1 0-1

[Event "GBR-ch82"]
[Site "Swansea"]
[Date "1995.08.08"]
[Round "8"]
[White "Summerscale, Aaron P"]
[Black "Levitt, Jonathan P"]
[Result "0-1"]
[WhiteElo "2455"]
[BlackElo "2420"]
[PlyCount "140"]
[EventDate "1995.07.31"]
[EventType "swiss"]
[EventRounds "11"]
[EventCountry "GBR"]
[SourceTitle "BritBase"]
[Source "John Saunders"]
[SourceDate "2023.06.01"]
[SourceVersion "1"]
[SourceVersionDate "2023.06.01"]
[SourceQuality "1"]

1. d4 Nf6 2. c4 e6 3. Nf3 b6 4. g3 Bb7 5. Bg2 Be7 6. O-O O-O 7. Bf4 d5 8. Qc2
c5 9. Rd1 Nbd7 10. dxc5 Bxc5 11. Nc3 dxc4 12. Nb5 Bd5 13. Nc7 Rc8 14. Nxd5 exd5
15. Ne1 b5 16. Bxd5 Qb6 17. e3 Nxd5 18. Rxd5 Nf6 19. Rdd1 Qb7 20. Qf5 Rfe8 21.
Rac1 Bf8 22. Bd6 Re6 23. Bxf8 Kxf8 24. Nf3 Qe4 25. Qxe4 Nxe4 26. Nd4 Rb6 27. f3
Nd6 28. e4 b4 29. a3 bxa3 30. bxa3 Nb5 31. Nf5 Nxa3 32. Rd7 g6 33. Nd6 Rcc6 34.
Rxf7+ Kg8 35. Rxa7 Rb1 36. Rxb1 Nxb1 37. Ra1 Nd2 38. Nb5 Nxf3+ 39. Kg2 Ne5 40.
Nc3 Rb6 41. Ra2 Rb3 42. Rc2 Kf7 43. Kf2 Ke6 44. Ke3 Nc6 45. Kd2 Ke5 46. Ne2 Nd4
47. Nxd4 Rd3+ 48. Kc1 Rxd4 49. Kb2 Rxe4 50. Kc3 Kf5 51. Rf2+ Kg4 52. Rf7 h5 53.
Rf6 g5 54. Rg6 h4 55. gxh4 Kxh4 56. Rf6 Kh3 57. Rf2 Rg4 58. Rd2 Rg2 59. Rd1
Kxh2 60. Kxc4 Re2 61. Kd3 Re8 62. Ra1 g4 63. Ra7 g3 64. Rh7+ Kg1 65. Kd2 g2 66.
Rh6 Re5 67. Kd3 Kf2 68. Rf6+ Kg3 69. Rg6+ Kf3 70. Rg8 Rd5+ 0-1

[Event "GBR-ch82"]
[Site "Swansea"]
[Date "1995.08.08"]
[Round "8"]
[White "Turner, Matthew J"]
[Black "Ledger, Andrew J"]
[Result "1/2-1/2"]
[WhiteElo "2400"]
[BlackElo "2410"]
[PlyCount "52"]
[EventDate "1995.07.31"]
[EventType "swiss"]
[EventRounds "11"]
[EventCountry "GBR"]
[SourceTitle "BritBase"]
[Source "John Saunders"]
[SourceDate "2023.06.01"]
[SourceVersion "1"]
[SourceVersionDate "2023.06.01"]
[SourceQuality "1"]

1. d4 Nf6 2. Nf3 d5 3. Bf4 Bf5 4. e3 e6 5. c4 Bxb1 6. Rxb1 Bb4+ 7. Ke2 Bd6 8.
c5 Bxf4 9. exf4 Ne4 10. Ne5 O-O 11. f3 Nf6 12. Kf2 Nfd7 13. Nxd7 Nxd7 14. b4
Qf6 15. g3 Rfb8 16. Qd2 Nf8 17. Qe3 b5 18. Qe5 Qg6 19. Be2 c6 20. h4 f6 21. Qc7
Qe8 22. a4 a6 23. axb5 axb5 24. Ra1 Rc8 25. Qd6 Rd8 26. Qc7 Rac8 1/2-1/2

[Event "GBR-ch82"]
[Site "Swansea"]
[Date "1995.08.08"]
[Round "8"]
[White "Van Zyil Smit, Konrad"]
[Black "Ryan, Joseph"]
[Result "0-1"]
[WhiteElo "2100"]
[BlackElo "2210"]
[PlyCount "56"]
[EventDate "1995.07.31"]
[EventType "swiss"]
[EventRounds "11"]
[EventCountry "GBR"]
[SourceTitle "BritBase"]
[Source "John Saunders"]
[SourceDate "2023.06.01"]
[SourceVersion "1"]
[SourceVersionDate "2023.06.01"]
[SourceQuality "1"]

1. e4 d5 2. exd5 Qxd5 3. Nc3 Qa5 4. d4 c6 5. Nf3 Nf6 6. Bc4 Bf5 7. O-O e6 8.
Bf4 Nbd7 9. a3 Be7 10. b4 Qd8 11. b5 c5 12. d5 Nb6 13. Bd3 Bxd3 14. cxd3 Nbxd5
15. Nxd5 Qxd5 16. d4 c4 17. a4 O-O 18. Re1 Rac8 19. Qc1 Ne4 20. Qc2 f5 21. Be5
c3 22. Re2 Bd6 23. Bxd6 Qxd6 24. Rd1 Rc4 25. Qb3 Rfc8 26. Ne5 c2 27. Rc1 Rxd4
28. Rexc2 Rd1+ 0-1

[Event "GBR-ch82"]
[Site "Swansea"]
[Date "1995.08.08"]
[Round "8"]
[White "Ward, Christopher G"]
[Black "Arkell, Keith C"]
[Result "1-0"]
[WhiteElo "2500"]
[BlackElo "2505"]
[PlyCount "97"]
[EventDate "1995.07.31"]
[EventType "swiss"]
[EventRounds "11"]
[EventCountry "GBR"]
[SourceTitle "BritBase"]
[Source "John Saunders"]
[SourceDate "2023.06.01"]
[SourceVersion "1"]
[SourceVersionDate "2023.06.01"]
[SourceQuality "1"]

1. d4 Nf6 2. c4 e6 3. Nc3 Bb4 4. g3 c5 5. Nf3 cxd4 6. Nxd4 Qc7 7. Qb3 Bc5 8.
Be3 d6 9. Bg2 a6 10. Na4 Ba7 11. Nc2 Nbd7 12. O-O O-O 13. Rfd1 Bxe3 14. Nxe3
Rb8 15. Qd3 b5 16. cxb5 axb5 17. Nc3 d5 18. Nxb5 Qb6 19. Nd4 Ba6 20. Qa3 e5 21.
Ndf5 Bxe2 22. Rd2 Bc4 23. Ne7+ Kh8 24. N7xd5 Bxd5 25. Nxd5 Nxd5 26. Rxd5 Nf6
27. Rxe5 Qxb2 28. Qxb2 Rxb2 29. a4 g6 30. Rb5 Rxb5 31. axb5 Nd7 32. Ra8 Rxa8
33. Bxa8 Kg7 34. f4 Kf6 35. Kf2 Ke6 36. Ke3 h6 37. Kd4 Kd6 38. Bd5 f6 39. Bf7
g5 40. Ke4 Ke7 41. Ba2 Kd6 42. Kf5 Kc5 43. Bf7 gxf4 44. gxf4 Nb6 45. Be8 Nd5
46. Bc6 Ne3+ 47. Kg6 Ng4 48. h3 Nf2 49. h4 1-0

[Event "GBR-ch82"]
[Site "Swansea"]
[Date "1995.08.08"]
[Round "8"]
[White "Williams, Simon Kim"]
[Black "Howell, James C"]
[Result "1-0"]
[WhiteElo "2250"]
[BlackElo "2525"]
[PlyCount "105"]
[EventDate "1995.07.31"]
[EventType "swiss"]
[EventRounds "11"]
[EventCountry "GBR"]
[SourceTitle "BritBase"]
[Source "John Saunders"]
[SourceDate "2023.06.01"]
[SourceVersion "1"]
[SourceVersionDate "2023.06.01"]
[SourceQuality "1"]

1. c4 Nf6 2. Nc3 e6 3. e4 d5 4. e5 d4 5. exf6 dxc3 6. bxc3 Qxf6 7. d4 e5 8. Nf3
exd4 9. Bg5 Qe6+ 10. Be2 f6 11. Nxd4 Qf7 12. Bh6 g6 13. Bxf8 Kxf8 14. h4 h5 15.
O-O Kg7 16. f4 Nc6 17. Nxc6 bxc6 18. Qa4 Qe7 19. Bf3 Qc5+ 20. Kh1 Rb8 21. Qxc6
Qxc6 22. Bxc6 Rd8 23. Rfe1 Kf8 24. Rab1 Rb6 25. Be4 Bf5 26. Bxf5 gxf5 27. Rxb6
cxb6 28. Re6 Kf7 29. Rc6 Rd3 30. Rc7+ Kg6 31. Rxa7 Rxc3 32. Ra4 Rc1+ 33. Kh2
Rc3 34. Rb4 Ra3 35. Rxb6 Ra4 36. Rc6 Rxa2 37. Rc8 Rc2 38. c5 Rc3 39. c6 Kg7 40.
c7 Kh7 41. Kg1 Rc2 42. Kf1 Kg7 43. Ke1 Rc6 44. Kd2 Rc4 45. Kd3 Rc1 46. Kd4 Rc2
47. Kd5 Rc1 48. Ke6 Re1+ 49. Kxf5 Rc1 50. g4 hxg4 51. Kxg4 Rc5 52. h5 Kh7 53.
h6 1-0

[Event "GBR-ch82"]
[Site "Swansea"]
[Date "1995.08.09"]
[Round "9"]
[White "Barnes, Michael H"]
[Black "Yeo, Michael J"]
[Result "1-0"]
[WhiteElo "2295"]
[BlackElo "2210"]
[PlyCount "81"]
[EventDate "1995.07.31"]
[EventType "swiss"]
[EventRounds "11"]
[EventCountry "GBR"]
[SourceTitle "BritBase"]
[Source "John Saunders"]
[SourceDate "2023.06.01"]
[SourceVersion "1"]
[SourceVersionDate "2023.06.01"]
[SourceQuality "1"]

1. e4 e5 2. Nf3 Nc6 3. Bb5 a6 4. Ba4 d6 5. c3 f5 6. exf5 Bxf5 7. O-O Bd3 8. Re1
Be7 9. Bc2 Bxc2 10. Qxc2 Nf6 11. d4 Qd7 12. Ng5 exd4 13. Ne6 Kf7 14. cxd4 d5
15. Bf4 Bd6 16. Bxd6 Qxd6 17. Ng5+ Kg8 18. Nc3 Rf8 19. h3 Nxd4 20. Qd3 c5 21.
Rad1 g6 22. Na4 b6 23. b4 Qf4 24. bxc5 Nf5 25. Ne6 Qxa4 26. Nxf8 Kxf8 27. cxb6
Kf7 28. Rc1 Rb8 29. Rc7+ Kg8 30. b7 Nd6 31. Qc3 Nfe8 32. Ree7 Rxb7 33. Rg7+ Kf8
34. Qf3+ Nf5 35. Rgf7+ Kg8 36. Rxb7 Qxa2 37. Rfd7 Qa1+ 38. Kh2 Qe5+ 39. g3 Nfd6
40. Rb8 Nf5 41. Qxd5+ 1-0